|
|
|
|
| LEADER |
00000nkm a2200000 a 4500 |
| 001 |
vtls011592280 |
| 003 |
SK-MaSNL |
| 005 |
20260425223601.0 |
| 007 |
kf bo |
| 008 |
240409s1997 xo g kuslo |
| 035 |
|
|
|a urn:nbn:sk:snk-km00cq89
|
| 035 |
|
|
|a urn:nbn:sk:snk-km3lrbz
|
| 035 |
|
|
|a 9B3F48A9-64A1-4FDD-92D4-0AB6A257071D
|
| 040 |
|
|
|a SNK
|b slo
|c SNK
|e AACR2
|
| 041 |
0 |
|
|a slo
|
| 043 |
|
|
|a e-xo---
|
| 044 |
|
|
|a xo
|c SK
|
| 072 |
|
7 |
|a 394
|x Verejný a spoločenský život. Každodenný život
|2 konspekt
|
| 072 |
|
7 |
|a 929
|x Biografie
|2 konspekt
|
| 080 |
|
|
|a 394.46
|2 2011
|
| 080 |
|
|
|a (084.5)
|2 2011
|
| 080 |
|
|
|a 929
|2 2011
|
| 245 |
0 |
0 |
|a Ľudový textil
|b ideový plagát
|h grafika
|c autor pagátu: Ivan Riabič
|
| 260 |
|
|
|a Martin
|b Slovenské národné múzeum - Etnografický ústav
|
| 300 |
|
|
|a 1 plagát
|b farebný béžovo - hnedej farby. Celý plagát je znázornenie ľudovej výšivky
|c 95 x 70 cm
|
| 648 |
|
7 |
|2 SNKPH
|
| 650 |
0 |
7 |
|a umelecké výstavy
|2 SNKPH
|9 89689
|
| 651 |
|
7 |
|a Slovensko
|2 SNKPH
|9 14231
|
| 655 |
|
7 |
|a plagáty
|2 SNKPH
|9 70571
|
| 852 |
|
|
|a Slovenská národná knižnica v Martine
|
| 958 |
|
|
|a CP
|
| 958 |
|
|
|a GBN
|
| 999 |
|
|
|c 589819
|d 591749
|
| 952 |
|
|
|a SNKLM
|b SNKLM
|y NEVYP
|7 1
|p 17A1201317
|o snklm L 803/a
|i snklm 139/1981
|8 7
|0 0
|1 0
|4 0
|d 2016-11-11
|f 1
|l 0
|r 2026-02-23 15:21:02
|w 2026-02-23
|